000 01019cam a2200157 4500500
005 20260405004957.0
041 _afre
042 _adc
100 1 0 _ade Dinechin, Olivier
_eauthor
245 0 0 _aCardinal Dionigi Tettamanzi, Nouvelle bioéthique chrétienne . T. I : L’évangile de la vie, fondements et enjeux (préface de Patrick Verspieren). T. II : Donner la vie, à quel prix ? T. III : Vivre et souffrir, relever le défi. T. IV : Les derniers moments de la vie. Salvator, 2004-2005, 19 € chaque tome
260 _c2005.
500 _a47
520 _aRésuméJules Verne distingue deux sources aux obstacles, aux réussites, aux échecs et aux succès de l’aventure : les éléments naturels, leur connaissance et leur maîtrise, et les conflits humains qui vont apparaître comme la source la plus réelle de perdition.
786 0 _nÉtudes | 403 | 7 | 2005-07-01 | p. XXII-XXII | 0014-1941
856 4 1 _uhttps://shs.cairn.info/revue-etudes-2005-7-page-XXII?lang=fr&redirect-ssocas=7080
999 _c2079967
_d2079967